Tecnologías de información en los negocios

Zapisane w:
Opis bibliograficzny
Główni autorzy: Cohen Karen, Daniel (Autor), Asín Lares, Enrique (Autor)
Format: Książka
Język:hiszpański
Wydane: Cuernavaca McGraw-Hill Interamericana 2009
Wydanie:5a. ed
Hasła przedmiotowe:
Etykiety: Dodaj etykietę
Nie ma etykietki, Dołącz pierwszą etykiete!

MARC

LEADER 00000cam a2200000 a 4500
001 UCH7445
003 CL-VaPUC
008 091112e20090000MX |||||||||||||||||spa|d
020 |a 9789701066669 
082 0 4 |a 658.4033  |b COH  |2 21 
100 0 |a Cohen Karen, Daniel  |e author  |9 543898 
700 0 |a Asín Lares, Enrique  |e author  |9 543899 
245 1 0 |a Tecnologías de información en los negocios 
250 |a 5a. ed 
300 |a 339 p 
942 |c BK 
945 |d 20091112 00:00:00  |a dcastane 
260 |a Cuernavaca  |b McGraw-Hill Interamericana  |c 2009 
650 0 |a Sistemas de información   |9 260286 
650 0 |a Planificación estratégica   |9 259735 
650 0 |a Toma de decisiones   |9 257530 
650 7 |a GESTION DE BASE DE DATOS  |2 CL-VaPUC  |9 543900 
650 7 |a INTELIGENCIA ARTIFICIAL  |2 CL-VaPUC  |9 543901 
583 |a last modification  |c 20121128 02:50:45  |k Rodrigo Vera 
999 |c 338042  |d 338040 
952 |0 0  |1 0  |4 0  |6 658_403300000000000_COH_2009  |7 0  |8 A  |9 430829  |a BIBING  |b BIBING  |d 2019-11-22  |i 4617924  |o 658.4033 COH 2009  |p 4617924  |r 2025-01-20  |w 2019-11-22  |y BK  |k EII 
952 |0 0  |1 0  |4 0  |6 658_403300000000000_COH_2009  |7 0  |8 A  |9 430830  |a BIBING  |b BIBING  |d 2019-11-22  |i 4617932  |o 658.4033 COH 2009  |p 4617932  |r 2025-01-20  |w 2019-11-22  |y BK  |k EII 
952 |0 0  |1 0  |4 0  |6 658_403300000000000_COH_2009  |7 0  |8 A  |9 430831  |a BIBING  |b BIBING  |d 2019-11-22  |i 4928946  |o 658.4033 COH 2009  |p 4928946  |r 2025-01-20  |w 2019-11-22  |y BK  |k CCI 
952 |0 0  |1 0  |4 0  |6 658_403300000000000_COH_2009  |7 0  |8 A  |9 430832  |a BIBING  |b BIBING  |d 2019-11-22  |i 4928954  |o 658.4033 COH 2009  |p 4928954  |r 2025-01-20  |w 2019-11-22  |y BK  |k CCI 
952 |0 0  |1 0  |4 0  |6 658_403300000000000_COH_2009  |7 0  |8 A  |9 430833  |a BIBING  |b BIBING  |d 2019-11-22  |i 4928962  |o 658.4033 COH 2009  |p 4928962  |r 2025-01-20  |w 2019-11-22  |y BK  |k CCI 
952 |0 0  |1 0  |4 0  |6 658_403300000000000_COH_2009  |7 0  |8 A  |9 430834  |a BIBING  |b BIBING  |d 2019-11-22  |i 4928970  |o 658.4033 COH 2009  |p 4928970  |r 2025-01-20  |w 2019-11-22  |y BK  |k CCI 
952 |0 0  |1 0  |4 0  |6 658_403300000000000_COH_2009  |7 0  |8 A  |9 430835  |a BIBING  |b BIBING  |d 2019-11-22  |i 4928989  |o 658.4033 COH 2009  |p 4928989  |r 2025-01-20  |w 2019-11-22  |y BK  |k CCI 
952 |0 0  |1 0  |4 0  |6 658_403300000000000_COH_2009  |7 0  |8 A  |9 430836  |a BIBING  |b BIBING  |d 2019-11-22  |i 4928997  |o 658.4033 COH 2009  |p 4928997  |r 2025-01-20  |w 2019-11-22  |y BK  |k CCI 
952 |0 0  |1 0  |4 0  |6 658_403300000000000_COH_2009  |7 0  |8 A  |9 430837  |a BIBING  |b BIBING  |d 2019-11-22  |i 4929004  |o 658.4033 COH 2009  |p 4929004  |r 2025-01-20  |w 2019-11-22  |y BK  |k CCI 
952 |0 0  |1 0  |4 0  |6 658_403300000000000_COH_2009  |7 0  |8 A  |9 430838  |a BIBING  |b BIBING  |d 2019-11-22  |i 4929012  |o 658.4033 COH 2009  |p 4929012  |r 2025-01-20  |w 2019-11-22  |y BK  |k CCI 
952 |0 0  |1 0  |4 0  |6 658_403300000000000_COH_2009  |7 0  |8 A  |9 430839  |a BIBING  |b BIBING  |d 2019-11-22  |i 4929020  |o 658.4033 COH 2009  |p 4929020  |r 2025-01-20  |w 2019-11-22  |y BK  |k CCI 
952 |0 0  |1 0  |4 0  |6 658_403300000000000_COH_2009  |7 0  |8 A  |9 430840  |a BIBING  |b BIBING  |d 2019-11-22  |i 4929039  |o 658.4033 COH 2009  |p 4929039  |r 2025-01-20  |w 2019-11-22  |y BK  |k CCI